1570 1525 1110 1186 1968 1789 1749 1283 1698 1690 1109 1063 1841 1076 1392 1945 1629 1765 1970 1609 1473 1355 1017 1586 1549 1686 1886 1003 1013 1423 1722 1368 1836 1090 1084 1744 1096 1781 1737 1830 1643 1945 1265 1255 1026 1685 1044 1099 1187 1687 1890 1830 1529 1099 1978 1551 1445 1148 1442 1989 1081 1217 1727 1005 1508 1186 1122 1383 1626 1918 1412 1223 1964 1567 1776 1874 1229 1983 1409 1871 1681 1314 1072 1455 1180 1302 1841 1449 1898 1209 1572 1529 1174 1758 1500 1500 1685 1984 1511 BCNSPRNW ULIB Ver.6.0+V

เปลี่ยนเป็นภาษาไทย

Change to English
 แสดงรายละเอียดบรรณานุกรม
  กลับหน้าหลัก

Brief Record : Get Marc (ISO 2709) : E-mail record : QR code < ปิดหน้าต่าง
LEADER : 00000nam 2200000uu 4500
001    13399110585
003     ULIB
008    110603s2553||||th 000 0 tha d
020    9789744140173
050  4 PN4129.T5^bย345พ 2553
100 0  ยุดา รักไทย
245 10 พูดอย่างฉลาด :^bคู่มือพัฒนาทักษะการพูดอย่างชาญฉลาด /^cผู้เขียน : ยุดา รักไทย, ปานจิตต์ โกญจนาวรรณ
250    พิมพ์ครั้งที่ 6
260    กรุงเทพฯ :^bบิสคิต,^c2553
300    132 หน้า ;^c21 ซม.
591    LISC มีปี 2550 (พิมพ์ครั้งที่ 2)
650  7 การพูด
650  7 การพูดในชุมนุมชน
650  7 การสื่อสารทางธุรกิจ
650  7 การสื่อสารระหว่างบุคคล
650  7 วาทศิลป์
700 0  ปานจิตต์ โกญจนาวรรณ
945    ^p129^l0^i18218
995    เกษร
999    ^aใช้งานได้ทุกระบบ
รายการนี้ยังไม่มีแท็ก
คุณยังไม่ได้ล็อกอิน คุณสามารถมีกิจกรรมร่วมกับเว็บไซต์ได้ แต่ต้องล็อกอินก่อน ::
  ล็อกอิน

รายการสื่อสารสนเทศ

ลำดับที่ ประเภท เลขเรียก/บาร์โค้ด สถานที่ สถานะ
- ไม่พบข้อมูล -

รายการใกล้เคียง
    ผู้แต่ง [ยุดา รักไทย]

    หัวเรื่อง [การพูด]
    หัวเรื่อง [การพูดในชุมนุมชน]
    หัวเรื่อง [การสื่อสารทางธุรกิจ]
    หัวเรื่อง [การสื่อสารระหว่างบุคคล]
    หัวเรื่อง [วาทศิลป์]

BibComment


ยังไม่เคยถูกคอมเมนท์

คอมเมนท์ทรัพยากรรายการนี้
  คอมเมนท์: พูดอย่างฉลาด คู่..


 Copyright 2026. Bcnsprnw @Library